Piosenki z polskich filmów i seriali - Statystyki

Ogólne statystyki
  • Ten quiz został rozwiązany 166 razy
  • Średni wynik to 5 z 20
Statystyki odpowiedzi
Cytat z piosenki: Tytuł filmu/serialu: % Poprawnych
"Cierpliwie dzień po dniu, staraj się podążać moim śladem. Bo sama nie wiem już, bo nie wiem sama kiedy się odnajdę..." Kogel Mogel
66%
"Bo tak mówiąc szczerze, w życiu jak w pokerze jest zasada: "karta - stół..." Czterdziestolatek
48%
"Będzie co ma być, już wiem, że stąd nie zwieję, poczekam i popatrzę, nie cofnę kijem Wisły..." Kiler
47%
"Te zakręty, skrzyżowania dobrze znamy. Pamiętamy, szanujemy swe wspomnienia. "Radio Taxi, proszę czekać..." - zaczekamy w atmosferze wzajemnego zrozumienia" Zmiennicy
41%
"Na niebie obłoki, po wsiach pełno bzu, gdzież ten świat daleki, pełen dobrych snów..." Czterej pancerni i pies
40%
"Wyprowadź się z mych snów! Już nigdy więcej, zamknęłam serce - żadnych wspomnień i żadnych twoich słów..." Porady na zdrady
32%
"Nieprawda że tak miało być, że warto w byle pustkę iść, to wciąż za mało, moje serce, żeby żyć..." Jan Serce
31%
"Baw mnie! Zepsuj lub zbaw mnie! To tak zabawnie dzielić swój grzech na pół. Weź mnie, jak się bierze czek..." Och Karol
31%
"Zakładasz szary płaszcz, łatwo wtapiasz się w upiornie trzeźwy świt. Obmyślasz każdy gest na wypadek, by... Nikt nie odgadł kim naprawdę jesteś!" Młode Wilki
23%
"Zamykam oczy, czuję jak, w twoich dłoniach tonie moja twarz. Przysięgasz miłość aż po śmierć, słyszę wspólne bicie naszych serc. I chociaż walczysz z całych sił o coś więcej niż parę chwil. Po cichu ciągle wierzę, że nadejdzie taki dzień, gdy wrócisz by stąd zabrać mnie..." Miasto 44
20%
Przed nocą i mgłą osłoń mnie, zabierz z serca samotność, cień, co tam legł. Wytarguj od gwiazd ten czas, mój czas! Co zanim się stał - zbiegł..." 07 zgłoś się
13%
"Miną lata, gwiazdy zgasną, fotografie w głowie zasną. Gdy nas ludzka złość rozłączy ja i tak odnajdę Cię..." Uprowadzenie Agaty
13%
"Ale miłość moi mili jest nieczuła na mądrości. I dla jednej wspólnej chwili zapomina o śmieszności..." Podróże pana Kleksa
11%
"Słuchając opowieści których finał znasz, to jaką szansę miłość ma, utrzymaj jednak wiarę i zachowaj twarz. Tyle mamy w sobie zła, ile widzą inni..." Szczęśliwego Nowego Jorku
11%
"Było nas trzech: jak w autobiografii zero ściemy, taka sama krew i podobne geny. Jestem zły - taka ma zajawka. Wciągam całą działkę i akcja jest wartka..." Ekstradycja
9%
"Teraz gdy w ruchomych piaskach tonę i kiedy cała przeszłość przed oczami rozumiem. Rozumiem swój błąd..." Nocne graffiti
7%
"Będę Cię chronił, będę wiedział, będę silny, jak stare drzewa. Tylko zaczekaj..." Kamerdyner
6%
"A gdybyś chciał widzieć moje łzy, lepiej idź, to nie film. Tu każdy gest godzi prosto w serce. Tylko skłam - powiem Ci: Zamknij mój żal i drzwi..." Tulipan
5%
"A jeśli podczas drogi sen Cię zmorzy, za kółkiem zmienię cię, lub jeśli na ulicy chcesz zarobić, ja w cień usunę się..." Sara
3%
"Tylko śpij i aż śpij, a mnie prowadź tam - tam gdzie jesteś, chcę być tam gdzie Ty. W niebie, czemu nie. W piekle aż na dnie..." Tato
3%
Nie znaleziono quizów pasujących do podanych kryteriów
Rozkład punktacji
Procent ludzi z każdym wynikiem
Percentyl według liczby udzielonych odpowiedzi
Twoja historia wyników
Nie rozwiązałeś tego quizu